Noms de villes hispanophones traduits littéralement - Statistiques

Statistiques générales
  • Ce quiz a été pris 98 fois
  • Le résultat moyen est 10 sur 15
Statistiques - réponses
Traduction Pays Ville % Correct
Bons airs Argentine B{uenos} {Aires}
100%
La paix Bolivie L{a} {Paz}
96%
Les anges Etats-Unis L{os} {Angeles}
93%
Saint José Costa Rica S{an} {José}
92%
Sacrement Etats-Unis S{acramento}
85%
Saint Jacques Chili S{antiago}
80%
Sainte foi Argentine S{anta} {Fe}
75%
Assomption Paraguay A{suncion}
74%
Vraie croix Mexique V{eracruz}
70%
Toi Jeanne Mexique T{ijuana}
64%
Les plaines Etats-Unis L{as} {Vegas}
53%
Dimanche saint République Dominicaine S{anto} {Domingo}
53%
L'étape Etats-Unis E{l} {Paso}
50%
Sainte Croix de la Montagne Bolivie S{anta} {Cruz} {de} {la} {Sierra}
34%
Ville Mexique P{uebla}
28%
Aucun quiz correspondant
Distribution des résultats
% des personnes avec chaque résultat
Percentile par nombre de réponses
Votre historique - résultats
Vous n’avez pas pris ce quiz